Nghiên cứu thành phần hóa học và hoạt tính sinh học của cây kè bắc bộ (livistona tonkinensis magolon) và cây cọ xẻ (livistona chinensis (jacq.) r.br.) thuộc họ cau của Việt Nam
Tổng quan .các nghiên cứu thực nghiệm. Kết quả và thảo luận
Enregistré dans:
| Auteur principal: | |
|---|---|
| Autres auteurs: | |
| Format: | Livre |
| Langue: | Vietnamese |
| Publié: |
Đà Nẵng
Đại học Đà Nẵng
2011
|
| Sujets: | |
| Tags: |
Ajouter un tag
Pas de tags, Soyez le premier à ajouter un tag!
|
| Thư viện lưu trữ: | Mạng thư viện Đại học Đà Nẵng |
|---|
| LEADER | 01574nam a2200349 4500 | ||
|---|---|---|---|
| 001 | 000010530 | ||
| 003 | 6735 | ||
| 005 | 20111214151207.0 | ||
| 008 | 111214s2011 viesd | ||
| 041 | |a vie | ||
| 072 | |a Luận văn Thạc sĩ Khoa học | ||
| 082 | |a 660.6 |b PH-H | ||
| 100 | |a Phan Tất Hòa | ||
| 245 | |a Nghiên cứu thành phần hóa học và hoạt tính sinh học của cây kè bắc bộ (livistona tonkinensis magolon) và cây cọ xẻ (livistona chinensis (jacq.) r.br.) thuộc họ cau của Việt Nam |c Phan Tất Hòa ; Trần Văn Sung hướng dẫn | ||
| 260 | |a Đà Nẵng |b Đại học Đà Nẵng |c 2011 | ||
| 300 | |a 74tr |c 29 cm |e CD. Tóm tắt luận văn. Giấy xác nhận luận văn khoa cao học | ||
| 500 | |a Luận văn Thạc sĩ khoa học. Chuyên ngành: Hóa hữu cơ. Mã số: 60.44.27 | ||
| 520 | |a Tổng quan .các nghiên cứu thực nghiệm. Kết quả và thảo luận | ||
| 653 | |a Hóa học | ||
| 653 | |a Luận văn Thạc sĩ Khoa học | ||
| 653 | |a Cây kè | ||
| 700 | |a Trần Văn Sung |c GS.TSKH |e Hướng dẫn | ||
| OWN | |a LSP | ||
| AVA | |a UDN50 |b LSP |d 660.6 PH-H |e available |t Error 5001 Not defined in file expand_doc_bib_avail. |f 1 |g 0 |h N |i 0 |k 1 | ||
| 999 | |a From the UDN01 | ||
| AVA | |a UDN50 |b LSP |d 660.6 PH-H |e available |t Error 5001 Not defined in file expand_doc_bib_avail. |f 1 |g 0 |h N |i 0 |k 1 | ||
| TYP | |a Monograph | ||
| TYP | |a Printed language | ||
| 980 | |a Mạng thư viện Đại học Đà Nẵng | ||